[Event "Ostsjaellands EMT 2008"]
[Site "Faxe"]
[Date "2008.04.16"]
[Round "3"]
[White "Eriksen, Keld"]
[Black "Lillebro, Verner"]
[Result "1-0"]
[WhiteElo "1695"]
[BlackElo "1294"]
[PlyCount "45"]
[EventDate "2008.03.26"]

1. e4 c6 2. d4 d5 3. e5 Bf5 4. f4 e6 5. Bd3 Bxd3 6. Qxd3 Ne7 7. Nf3 Nf5 8. O-O
Be7 9. c3 O-O 10. b4 Nd7 11. a4 a6 12. Nbd2 b5 13. Bb2 Nb6 14. axb5 cxb5 15.
Nb3 Nc4 16. Bc1 Qc7 17. Nc5 a5 18. g4 Nh4 19. Nxh4 Bxh4 20. g5 h6 21. Qh3 Bxg5
22. fxg5 hxg5 23. Bxg5 1-0

[Event "Ostsjaellands EMT 2008"]
[Site "Faxe"]
[Date "2008.04.16"]
[Round "3"]
[White "Johannsen, Bjorn"]
[Black "Eckert, Svend"]
[Result "0-1"]
[WhiteElo "1573"]
[BlackElo "1543"]
[PlyCount "48"]
[EventDate "2008.03.26"]

1. d4 Nf6 2. Nf3 d6 3. Bf4 g6 4. e3 Bg7 5. Bd3 O-O 6. c3 Nbd7 7. Qc2 c5 8. Nbd2
a6 9. Ne4 Nd5 10. Bg5 h6 11. Bh4 Qc7 12. dxc5 Nxc5 13. Nxc5 Qxc5 14. O-O b5 15.
Rac1 Bb7 16. Be4 Nxe3 17. Qd3 Bxe4 18. Qxe4 Nxf1 19. Rxf1 e6 20. Rd1 d5 21. Qg4
Qc4 22. Qxc4 bxc4 23. a3 Rab8 24. Bg3 Rxb2 0-1

[Event "Ostsjaellands EMT 2008"]
[Site "Faxe"]
[Date "2008.04.16"]
[Round "3"]
[White "Hansen, Borge"]
[Black "Nielsen, Poul Erik2"]
[Result "0-1"]
[WhiteElo "1554"]
[BlackElo "1255"]
[PlyCount "118"]
[EventDate "2008.03.26"]

1. e4 c5 2. Nf3 d6 3. Be2 g6 4. c3 Bg7 5. d3 Nf6 6. O-O O-O 7. Bg5 Nbd7 8. Nbd2
b6 9. Rb1 Bb7 10. a3 Rc8 11. h3 a6 12. Nh2 b5 13. Ng4 Nxg4 14. Bxg4 Rc7 15. Be2
Nf6 16. Re1 Qa8 17. Bf3 e6 18. Bf4 e5 19. Bg5 h6 20. Be3 Rd8 21. Nb3 a5 22. Qe2
a4 23. Nd2 d5 24. exd5 Nxd5 25. Ne4 Nxe3 26. fxe3 f5 27. Nf2 Bxf3 28. gxf3 Rcd7
29. Rbd1 Bf6 30. Rd2 Bg5 31. Kh2 Qb8 32. Kg2 Bh4 33. Red1 e4 34. Nh1 Qb7 35.
dxe4 fxe4 36. f4 Rd3 37. Kh2 Qd7 38. Rxd3 exd3 39. Qd2 c4 40. Rg1 Qe6 41. Rg4
Be7 42. Nf2 Kh7 43. Rg1 Bd6 44. Kg2 Bc5 45. Nd1 Re8 46. Re1 Qe4+ 47. Kh2 Bd6
48. Qg2 Bxf4+ 49. Kh1 Qxg2+ 50. Kxg2 Bg5 51. Kf3 d2 52. Re2 Rd8 53. Ke4 Bh4 54.
Kf3 Rd3 55. Kg4 Be1 56. Rg2 Rd5 57. Kf3 Rh5 58. Kg4 Rf5 59. Re2 h5# 0-1

[Event "Ostsjaellands EMT 2008"]
[Site "Faxe"]
[Date "2008.04.16"]
[Round "3"]
[White "Toftvang, Ove"]
[Black "Christoffersen, Per"]
[Result "0-1"]
[WhiteElo "1253"]
[BlackElo "1518"]
[PlyCount "122"]
[EventDate "2008.03.26"]

1. e4 e6 2. g3 d5 3. c3 dxe4 4. Bg2 Nf6 5. b4 Be7 6. Nh3 h6 7. O-O e5 8. Kh1
Bg4 9. Qe1 c6 10. Ng1 Qd3 11. Qe3 Nbd7 12. f3 Qxe3 13. dxe3 exf3 14. Nxf3 O-O
15. Nfd2 Nb6 16. e4 Rad8 17. h3 Be6 18. Na3 Rd3 19. Rf3 Rfd8 20. Nab1 Nc4 21.
Rxd3 Rxd3 22. Kh2 Nxd2 23. Bxd2 Nd7 24. a4 Nb6 25. Bf1 Rf3 26. Kg2 Rf6 27. Na3
Nc8 28. c4 Nd6 29. Bd3 Rg6 30. b5 c5 31. a5 Bc8 32. Nc2 Ne8 33. Bc3 Rd6 34. Rd1
f6 35. Ne3 Nc7 36. g4 g6 37. Kf3 Ne6 38. Nd5 Kf7 39. Bd2 Nd4+ 40. Kg3 g5 41.
Be3 Be6 42. h4 Bd8 43. Bd2 gxh4+ 44. Kh3 h5 45. Kxh4 Bxg4 46. Rf1 Nf3+ 47. Kg3
Nxd2 48. Rf2 Nb3 49. a6 bxa6 50. Ra2 Nc1 51. Ra3 Nxd3 52. Rxd3 axb5 53. cxb5
Be2 54. Ra3 Bb6 55. Kh4 Bxb5 56. Kxh5 c4 57. Kg4 Bc6 58. Rg3 Bxd5 59. exd5 Rxd5
60. Kf5 Rd4 61. Rf3 c3 0-1

[Event "Ostsjaellands EMT 2008"]
[Site "Faxe"]
[Date "2008.04.16"]
[Round "3"]
[White "Nielsen, Harald"]
[Black "Olsen, Michael2"]
[Result "1-0"]
[WhiteElo "1444"]
[BlackElo "1251"]
[PlyCount "51"]
[EventDate "2008.03.26"]

1. e4 e5 2. Nf3 Nc6 3. Bb5 d6 4. h3 Bd7 5. c3 Nf6 6. d3 h6 7. O-O Be7 8. Ba4
O-O 9. Be3 Nh7 10. Bb3 Kh8 11. Nh2 Bg5 12. f4 exf4 13. Bxf4 Be6 14. Nd2 Bxf4
15. Rxf4 Qg5 16. Rf3 Ne5 17. Bxe6 fxe6 18. Rf1 Nxd3 19. Ng4 h5 20. Nf3 Qc5+ 21.
Nf2 Nxb2 22. Qe2 Nc4 23. Kh1 Ng5 24. Nxg5 Ne3 25. Qxh5+ Kg8 26. Qh7# 1-0

[Event "Ostsjaellands EMT 2008"]
[Site "Faxe"]
[Date "2008.04.16"]
[Round "3"]
[White "Wehlast, Svend Erik"]
[Black "Andersen, Hans Poul"]
[Result "1-0"]
[WhiteElo "1427"]
[BlackElo "1280"]
[PlyCount "105"]
[EventDate "2008.03.26"]

1. d4 Nf6 2. c4 d5 3. e3 e6 4. Nc3 Bd7 5. c5 Nc6 6. a3 a6 7. Nf3 h6 8. Bd2 Be7
9. b4 b6 10. Be2 O-O 11. O-O a5 12. b5 Na7 13. c6 Be8 14. a4 Bd6 15. Bd3 Nh7
16. Bxh7+ Kxh7 17. Ne2 f5 18. h3 Bg6 19. Ne5 Bxe5 20. dxe5 Qe8 21. Nf4 Rd8 22.
Bc3 Bf7 23. Bb2 g5 24. Nd3 Rg8 25. f3 Bg6 26. Nf2 Qf7 27. Qd2 f4 28. Ng4 Kh8
29. Nxh6 Qg7 30. Nxg8 Rxg8 31. exf4 gxf4 32. Qxf4 Rf8 33. Qh4+ Bh7 34. Ra2 Kg8
35. Qg4 Bf5 36. Qxg7+ Kxg7 37. Ba3 Rg8 38. g4 Kf7 39. Rff2 Nc8 40. Rad2 Ne7 41.
Bxe7 Kxe7 42. Rd4 Bh7 43. Kh2 Rf8 44. Kg3 Bb1 45. h4 Rg8 46. h5 Bf5 47. h6 Bh7
48. Kh4 Kf7 49. f4 Kg6 50. f5+ Kxh6 51. fxe6 Bg6 52. Rxd5 Rh8 53. Rd7 1-0

[Event "Ostsjaellands EMT 2008"]
[Site "Faxe"]
[Date "2008.04.16"]
[Round "3"]
[White "Christoffersen, Ib"]
[Black "Voigt, Keld"]
[Result "0-1"]
[WhiteElo "1353"]
[BlackElo "1202"]
[PlyCount "118"]
[EventDate "2008.03.26"]

1. d4 d6 2. d5 c6 3. c4 cxd5 4. cxd5 Nf6 5. e3 Qa5+ 6. Nc3 Ne4 7. Bd2 Nxc3 8.
Bxc3 Qb6 9. h3 Nd7 10. Nf3 Nc5 11. Be2 Bf5 12. O-O Ne4 13. Bd4 Qa5 14. Bd3 Qxd5
15. b3 e5 16. Bb2 Be7 17. Qe2 O-O 18. Rac1 Ng3 19. fxg3 Bxd3 20. Qd1 Be4 21.
Qe2 Bxf3 22. Rxf3 f5 23. Rcf1 e4 24. R3f2 g6 25. Rd1 Qa5 26. Rff1 Qa6 27. Qd2
Rad8 28. Qd4 Bf6 29. Qd5+ Kg7 30. Bxf6+ Rxf6 31. Qd4 Qxa2 32. g4 Kf7 33. Qd5+
Ke7 34. Qxb7+ Rd7 35. Qd5 Qe2 36. Qd4 Qc2 37. g5 Rf7 38. b4 Qc6 39. Rf2 Qb6 40.
Qd2 Rb7 41. h4 Qxb4 42. Qc2 Qc5 43. Qd2 Rb3 44. Re1 Rd3 45. Qe2 a5 46. Kh1 a4
47. g4 a3 48. gxf5 Rxf5 49. Rf4 Qb4 50. Ref1 Ke6 51. Kg2 Rd2 52. Qxd2 Qxd2+ 53.
R1f2 Qxe3 54. Rxf5 gxf5 55. Kf1 Qxf2+ 56. Kxf2 a2 57. h5 a1=Q 58. g6 hxg6 59.
hxg6 Qg7 0-1

[Event "Ostsjaellands EMT 2008"]
[Site "Faxe"]
[Date "2008.04.16"]
[Round "3"]
[White "Jakobsen, Henning"]
[Black "Eriksen, Knud Ejler"]
[Result "1-0"]
[WhiteElo "1246"]
[BlackElo "1158"]
[PlyCount "111"]
[EventDate "2008.03.26"]

1. d4 d5 2. c4 c6 3. Nc3 h6 4. Nf3 e6 5. Bd2 Nf6 6. e3 Nbd7 7. cxd5 exd5 8. Bd3
Bd6 9. O-O O-O 10. h3 Re8 11. Re1 Nf8 12. Qc2 Rb8 13. a3 Bd7 14. b4 b5 15. e4
dxe4 16. Nxe4 Nxe4 17. Bxe4 Rc8 18. Bc3 Be6 19. Ne5 Bd5 20. Bb2 a6 21. Bxd5
cxd5 22. Qf5 Re7 23. Rac1 Rxc1 24. Bxc1 Bxe5 25. Rxe5 Rxe5 26. Qxe5 Ng6 27. Qe3
Ne7 28. Qg3 Nf5 29. Qg4 Qf6 30. Be3 g6 31. Qf4 Kg7 32. g4 Nxe3 33. Qxf6+ Kxf6
34. fxe3 Kg5 35. Kg2 Kh4 36. Kh2 f6 37. e4 f5 38. e5 Kg5 39. Kg3 h5 40. h4+ Kh6
41. gxf5 gxf5 42. e6 Kg6 43. e7 Kf7 44. e8=Q+ Kxe8 45. Kf4 Kf7 46. Kxf5 Kf8 47.
Ke5 Ke7 48. Kxd5 Kd7 49. Kc5 Kc7 50. d5 Kb7 51. d6 Kc8 52. Kc6 Kb8 53. d7 Ka7
54. d8=Q a5 55. Qb6+ Ka8 56. Qb7# 1-0

[Event "Ostsjaellands EMT 2008"]
[Site "Faxe"]
[Date "2008.04.21"]
[Round "3"]
[White "Jepsen, Finn"]
[Black "Nielsen, Johannes"]
[Result "1-0"]
[WhiteElo "1183"]
[BlackElo "1005"]
[PlyCount "87"]
[EventDate "2008.03.26"]

1. c4 e5 2. Nc3 Nf6 3. d3 d5 4. cxd5 Nxd5 5. Nf3 Nc6 6. e3 Bb4 7. Bd2 f6 8. a3
Ba5 9. Be2 O-O 10. O-O Re8 11. Qc1 Nxc3 12. bxc3 e4 13. Ne1 Bf5 14. d4 Ne7 15.
Nc2 c6 16. Nb4 Bc7 17. c4 Qd6 18. g3 c5 19. Nd5 Nxd5 20. cxd5 Bb6 21. dxc5 Bxc5
22. Rd1 Re5 23. Bc3 Re7 24. Qb2 Rf8 25. Bb4 b6 26. Rac1 Rc8 27. Bxc5 bxc5 28.
a4 Rec7 29. Bc4 Qb6 30. Qxb6 axb6 31. d6+ Rf7 32. Bxf7+ Kxf7 33. Rb1 Ke8 34.
Rxb6 Bd7 35. a5 c4 36. a6 c3 37. a7 c2 38. Rc1 Kf7 39. Rb8 Ke6 40. Rxc8 Bxc8
41. a8=Q Kd7 42. Rxc2 Kxd6 43. Qxc8 Ke5 44. Rc5+ 1-0

[Event "Ostsjaellands EMT 2008"]
[Site "Faxe"]
[Date "2008.04.23"]
[Round "4"]
[White "Refsgaard, Kaj"]
[Black "Wehlast, Svend Erik"]
[Result "1-0"]
[WhiteElo "1645"]
[BlackElo "1427"]
[PlyCount "87"]
[EventDate "2008.03.26"]

1. d4 d5 2. c4 Nf6 3. Nf3 e6 4. Bg5 h6 5. Bh4 Be7 6. e3 O-O 7. Nbd2 c6 8. Rc1
Nh7 9. Bg3 f5 10. Bd3 Nd7 11. O-O Ng5 12. Qc2 Ne4 13. c5 g5 14. h3 h5 15. Bh2
Kf7 16. Ne5+ Nxe5 17. Bxe5 g4 18. Nxe4 dxe4 19. Be2 Rg8 20. g3 Rg6 21. hxg4
hxg4 22. Kg2 Bf6 23. Bxf6 Qxf6 24. Rh1 Rh6 25. Rxh6 Qxh6 26. Rh1 Qg6 27. Qc3
Qg7 28. Qa5 Ke8 29. Rh4 e5 30. Qc3 exd4 31. Qxd4 Qxd4 32. exd4 a5 33. Bc4 Kd8
34. Rh7 Ra7 35. a4 Bd7 36. Kf1 Kc8 37. Ke2 b5 38. Be6 Rc7 39. Rxd7 Rxd7 40.
Bxf5 bxa4 41. Bxg4 Kc7 42. Bxd7 Kxd7 43. Ke3 Ke6 44. Kxe4 1-0

[Event "Ostsjaellands EMT 2008"]
[Site "Faxe"]
[Date "2008.04.23"]
[Round "4"]
[White "Christensen, Lars (1957)"]
[Black "Andersen, Bjarne Hjorth"]
[Result "1-0"]
[WhiteElo "1966"]
[BlackElo "1846"]
[PlyCount "49"]
[EventDate "2008.03.26"]

1. d4 Nf6 2. Nf3 g6 3. c3 Bg7 4. Qc2 d5 5. Nbd2 O-O 6. e3 c6 7. Bd3 Qc7 8. Ne5
Nbd7 9. f4 Ne8 10. h4 Nxe5 11. dxe5 Bg4 12. h5 Bxh5 13. Rxh5 gxh5 14. Bxh7+ Kh8
15. Nf3 Bh6 16. Bd2 Ng7 17. O-O-O Qd7 18. Rh1 Qg4 19. Be1 Ne6 20. Bf5 Qg7 21.
Rxh5 Nc5 22. g4 e6 23. Qh2 exf5 24. Rxh6+ Kg8 25. gxf5 1-0

[Event "Ostsjaellands EMT 2008"]
[Site "Faxe"]
[Date "2008.04.23"]
[Round "4"]
[White "Jensen, Leif"]
[Black "Eckert, Svend"]
[Result "1-0"]
[WhiteElo "2004"]
[BlackElo "1543"]
[PlyCount "89"]
[EventDate "2008.03.26"]

1. e4 d6 2. f4 e5 3. d3 Nc6 4. Nf3 Nf6 5. c3 Be7 6. g3 O-O 7. Bg2 h6 8. O-O Bg4
9. h3 Bh5 10. g4 Bg6 11. f5 Bh7 12. Qe2 Re8 13. Na3 d5 14. Nc2 dxe4 15. dxe4
Bc5+ 16. Kh1 Kh8 17. Nh2 Ng8 18. Be3 Bxe3 19. Nxe3 f6 20. Rad1 Qe7 21. Nd5 Qf7
22. Rd2 a6 23. Bf3 g5 24. Rfd1 Rad8 25. Nf1 Rd7 26. b4 Red8 27. a4 Nb8 28. a5
c6 29. Nb6 Rxd2 30. Rxd2 Rxd2 31. Qxd2 Qc7 32. c4 Ne7 33. c5 Bg8 34. Qd6 Qxd6
35. cxd6 c5 36. dxe7 Bf7 37. bxc5 Nc6 38. Ne3 Nxe7 39. Ned5 Nc6 40. Nc4 Nd4 41.
Bd1 Kg7 42. Nd6 Bxd5 43. exd5 Nb5 44. Nxb5 axb5 45. c6 1-0

[Event "Ostsjaellands EMT 2008"]
[Site "Faxe"]
[Date "2008.04.23"]
[Round "4"]
[White "Sorensen, Soren"]
[Black "Nielsen, Harald"]
[Result "1-0"]
[WhiteElo "1866"]
[BlackElo "1444"]
[PlyCount "29"]
[EventDate "2008.03.26"]

1. e4 e5 2. d4 exd4 3. c3 dxc3 4. Bc4 Nf6 5. Nf3 Bc5 6. e5 Ng4 7. Bxf7+ Kxf7 8.
Qd5+ Ke8 9. Qxc5 d6 10. Qxc3 Qe7 11. Bg5 Qe6 12. O-O Kf7 13. Qxc7+ Nd7 14. Bf4
dxe5 15. Ng5+ 1-0

[Event "Ostsjaellands EMT 2008"]
[Site "Faxe"]
[Date "2008.04.23"]
[Round "4"]
[White "Nielsen, Poul Erik2"]
[Black "Eriksen, Keld"]
[Result "0-1"]
[WhiteElo "1255"]
[BlackElo "1695"]
[PlyCount "58"]
[EventDate "2008.03.26"]

1. Nf3 d5 2. d4 Bf5 3. c4 c6 4. cxd5 cxd5 5. Nc3 e6 6. a3 a5 7. e3 Nf6 8. Bb5+
Nc6 9. Ne5 Qc7 10. Nxc6 bxc6 11. Ba4 Bd6 12. g3 Bh3 13. Ne2 Bg2 14. Rg1 Bf3 15.
Qc2 Rc8 16. Bd2 O-O 17. Rc1 c5 18. Nc3 cxd4 19. exd4 Qc4 20. Bb5 Qxd4 21. Be3
Qg4 22. Be2 Bxe2 23. Qxe2 Qxe2+ 24. Kxe2 Rb8 25. Rc2 Rb3 26. Na4 Be5 27. Rgc1
d4 28. Rc8 dxe3 29. Rxf8+ Kxf8 0-1

[Event "Ostsjaellands EMT 2008"]
[Site "Faxe"]
[Date "2008.04.23"]
[Round "4"]
[White "Olsen, Michael2"]
[Black "Johannsen, Bjorn"]
[Result "0-1"]
[WhiteElo "1251"]
[BlackElo "1573"]
[PlyCount "76"]
[EventDate "2008.03.26"]

1. d4 d5 2. c4 c6 3. Nc3 Nf6 4. h3 Bf5 5. e3 e6 6. Bd3 Bxd3 7. Qxd3 Bd6 8. Nge2
Nbd7 9. O-O dxc4 10. Qxc4 Nd5 11. e4 N5b6 12. Qd3 O-O 13. e5 Bb4 14. Ne4 Nxe5
15. Qb3 Bd6 16. Nxd6 Qxd6 17. Bf4 Qd5 18. Bxe5 f6 19. Bg3 Rf7 20. Qb4 Rd8 21.
Rfd1 Rfd7 22. f3 Qf5 23. Qb3 Nd5 24. Rd3 g5 25. Rf1 h5 26. Bh2 Rg7 27. Ng3 Qg6
28. Ne4 f5 29. Nd6 Nf4 30. Bxf4 gxf4 31. Rf2 Rxd6 32. Qa3 Rgd7 33. Qxa7 Kh7 34.
Re2 Qf6 35. Red2 Qd8 36. b4 Kg6 37. a4 Rd5 38. Qb6 Qxb6 0-1

[Event "Ostsjaellands EMT 2008"]
[Site "Faxe"]
[Date "2008.04.23"]
[Round "4"]
[White "Hansen, Borge"]
[Black "Toftvang, Ove"]
[Result "1/2-1/2"]
[WhiteElo "1554"]
[BlackElo "1253"]
[PlyCount "82"]
[EventDate "2008.03.26"]

1. e4 e5 2. Nf3 d6 3. h3 Nc6 4. a3 Nf6 5. Nc3 a6 6. Bc4 Na5 7. Ba2 Be7 8. d3
O-O 9. O-O h6 10. Bd2 Nc6 11. Nd5 Nh7 12. Nxe7+ Nxe7 13. Nh2 Kh8 14. f4 c6 15.
fxe5 dxe5 16. Bxf7 Qd4+ 17. Kh1 Qxb2 18. Bb3 Qd4 19. Nf3 Qd6 20. Qe1 Ng6 21.
Qe3 c5 22. Bc3 b5 23. a4 b4 24. Bb2 Be6 25. Nd2 Nf4 26. Nc4 Bxc4 27. Bxc4 Rf6
28. Rf2 Raf8 29. Raf1 Rg6 30. Kh2 Rgf6 31. g3 Ne6 32. Rxf6 Nxf6 33. Kg2 Nd4 34.
Qd2 Kh7 35. c3 Nc6 36. Bxa6 Nxe4 37. Qc2 Rxf1 38. Kxf1 b3 39. Qg2 Qf6+ 40. Kg1
Ng5 41. Bb5 Na5 1/2-1/2

[Event "Ostsjaellands EMT 2008"]
[Site "Faxe"]
[Date "2008.04.23"]
[Round "4"]
[White "Christoffersen, Per"]
[Black "Andersen, Hans E"]
[Result "1-0"]
[WhiteElo "1518"]
[BlackElo "1512"]
[PlyCount "40"]
[EventDate "2008.03.26"]

1. d4 g6 2. c4 Bg7 3. Nf3 Nf6 4. Nc3 c6 5. e4 d5 6. cxd5 cxd5 7. e5 Nh5 8. Be2
f6 9. h3 Bf8 10. Nh2 Ng7 11. exf6 exf6 12. O-O Nc6 13. Bf3 Be6 14. Re1 Kf7 15.
Ng4 Nf5 16. Rxe6 Kxe6 17. Bxd5+ Kd7 18. Qb3 Rb8 19. Be6+ Ke8 20. Bf7+ Kd7 1-0

[Event "Ostsjaellands EMT 2008"]
[Site "Faxe"]
[Date "2008.04.23"]
[Round "4"]
[White "Joost, Kjeld"]
[Black "Christoffersen, Ib"]
[Result "0-1"]
[WhiteElo "1419"]
[BlackElo "1353"]
[PlyCount "73"]
[EventDate "2008.03.26"]

1. e4 e5 2. Nf3 Nc6 3. Bc4 h6 4. Nc3 Nf6 5. d3 Bb4 6. Bd2 d6 7. a3 Ba5 8. h3 a6
9. b4 Bb6 10. g4 Qe7 11. g5 hxg5 12. Nxg5 Be6 13. Nxe6 fxe6 14. Be3 Nd4 15. Na4
Ba7 16. Nb2 Qf7 17. c3 Nc6 18. Bxa7 Nxa7 19. Qb3 d5 20. exd5 exd5 21. Bxa6 bxa6
22. Qa4+ Nd7 23. Qxa6 O-O 24. Nd1 c6 25. Qa4 Qf3 26. Rh2 Qxd3 27. Qb3 Qe4+ 28.
Ne3 Kh8 29. Rd1 Nb5 30. a4 Nd6 31. b5 Nc5 32. Qb4 Nd3+ 33. Rxd3 Qxd3 34. Qxd6
Qxc3+ 35. Ke2 Qb2+ 36. Ke1 cxb5 37. Qxe5 0-1

[Event "Ostsjaellands EMT 2008"]
[Site "Faxe"]
[Date "2008.04.23"]
[Round "4"]
[White "Voigt, Keld"]
[Black "Hansen, Arne Mandrup"]
[Result "0-1"]
[WhiteElo "1202"]
[BlackElo "1307"]
[PlyCount "72"]
[EventDate "2008.03.26"]

1. d4 Nf6 2. c4 e5 3. dxe5 Ng4 4. Nf3 Nc6 5. h3 Ngxe5 6. Nxe5 Nxe5 7. Qd5 Bb4+
8. Bd2 Bxd2+ 9. Nxd2 Qe7 10. e3 O-O 11. Be2 d6 12. Qe4 c6 13. f4 Ng6 14. Qxe7
Nxe7 15. Ne4 d5 16. cxd5 Nxd5 17. Kf2 Re8 18. Bf3 f5 19. Nd6 Re7 20. Bxd5+ cxd5
21. Nxc8 Rxc8 22. Rac1 Rec7 23. Rxc7 Rxc7 24. Re1 Rc2+ 25. Re2 Rxe2+ 26. Kxe2
Kf7 27. Kd3 Ke6 28. Kd4 Kd6 29. b4 b5 30. a3 g6 31. g4 fxg4 32. hxg4 h5 33. f5
h4 34. fxg6 Ke6 35. g5 h3 36. g7 Kf7 0-1

[Event "Ostsjaellands EMT 2008"]
[Site "Faxe"]
[Date "2008.04.23"]
[Round "4"]
[White "Lillebro, Verner"]
[Black "Andersen, Hans Poul"]
[Result "1/2-1/2"]
[WhiteElo "1294"]
[BlackElo "1280"]
[PlyCount "80"]
[EventDate "2008.03.26"]

1. e4 e5 2. Nf3 Nc6 3. Bc4 Be7 4. Nc3 Nf6 5. O-O h6 6. Re1 O-O 7. d4 d6 8. h3
a6 9. dxe5 Nxe5 10. Nd5 Nxc4 11. b3 Ne5 12. Bb2 Ng6 13. Qd4 Be6 14. Nxe7+ Nxe7
15. e5 Nc6 16. Qc3 Nd5 17. Qd2 Re8 18. c4 Nde7 19. Qc3 d5 20. Rad1 Qd7 21. Rd2
Rad8 22. Red1 Qc8 23. cxd5 Nxd5 24. Rxd5 Rxd5 25. Rxd5 Bxd5 26. e6 f6 27. Nh4
Qxe6 28. Qg3 Qe4 29. Bxf6 Qh7 30. Nf5 g6 31. h4 Re6 32. Bc3 Be4 33. Ne3 Qf7 34.
h5 Kh7 35. hxg6+ Rxg6 36. Qh4 Qe6 37. Qf4 Qe7 38. f3 Bb1 39. Nd5 Rxg2+ 40. Kxg2
Qg5+ 1/2-1/2

[Event "Ostsjaellands EMT 2008"]
[Site "Faxe"]
[Date "2008.04.23"]
[Round "4"]
[White "Jepsen, Finn"]
[Black "Jakobsen, Henning"]
[Result "0-1"]
[WhiteElo "1183"]
[BlackElo "1246"]
[PlyCount "44"]
[EventDate "2008.03.26"]

1. Nf3 Nf6 2. c4 Nc6 3. Nc3 g6 4. d4 d6 5. Bf4 Bg7 6. e3 O-O 7. h3 Nd7 8. Be2
e5 9. dxe5 Ndxe5 10. O-O Nxf3+ 11. Bxf3 Ne5 12. Bxe5 Bxe5 13. Qc2 c6 14. Rad1
Qh4 15. Qe4 Qg5 16. h4 Qh6 17. g3 Bf5 18. Qxe5 dxe5 19. e4 Be6 20. b3 f5 21.
exf5 Bxf5 22. Rfe1 Bc2 0-1

[Event "Ostsjaellands EMT 2008"]
[Site "Faxe"]
[Date "2008.04.23"]
[Round "4"]
[White "Nielsen, Johannes"]
[Black "Eriksen, Knud Ejler"]
[Result "0-1"]
[WhiteElo "1005"]
[BlackElo "1158"]
[PlyCount "56"]
[EventDate "2008.03.26"]

1. e4 e5 2. Nf3 Nc6 3. Bc4 h6 4. Nc3 Nf6 5. h3 d6 6. d3 a6 7. a3 Be7 8. Be3 O-O
9. Qe2 Qe8 10. O-O-O b5 11. Ba2 Bd7 12. Nd5 Nxd5 13. Bxd5 Rb8 14. Bxc6 Bxc6 15.
c3 f5 16. exf5 Rxf5 17. Ne1 Bd5 18. Rg1 Qf7 19. f3 Bb3 20. Rd2 Ba4 21. Rf1 Qa2
22. Nc2 a5 23. d4 b4 24. Qd3 Rff8 25. Rdf2 Bxc2 26. Kxc2 bxa3 27. Bc1 axb2 28.
Bxb2 Rxb2+ 0-1

[Event "Ostsjaellands EMT 2008"]
[Site "Faxe"]
[Date "2008.04.30"]
[Round "5"]
[White "Eriksen, Keld"]
[Black "Sorensen, Soren"]
[Result "0-1"]
[WhiteElo "1695"]
[BlackElo "1866"]
[PlyCount "56"]
[EventDate "2008.03.26"]

1. e4 c5 2. f4 Nc6 3. Nf3 e6 4. Be2 a6 5. a4 d5 6. exd5 exd5 7. O-O Nf6 8. d3
Bd6 9. Nc3 Qc7 10. Ne1 Bd7 11. g4 h6 12. Bf3 d4 13. Qe2+ Be7 14. Ne4 O-O-O 15.
c3 Nxg4 16. Bxg4 f5 17. Bf3 fxe4 18. dxe4 g5 19. f5 g4 20. Bg2 Bd6 21. Qxg4
Bxh2+ 22. Kh1 Rdg8 23. Qh3 Bd6 24. cxd4 Nxd4 25. Bd2 Rg3 26. Qh4 Rhg8 27. Bf3
Bc6 28. Bd1 Bxe4+ 0-1

[Event "Ostsjaellands EMT 2008"]
[Site "Faxe"]
[Date "2008.04.30"]
[Round "5"]
[White "Jakobsen, Henning"]
[Black "Johannsen, Bjorn"]
[Result "0-1"]
[WhiteElo "1246"]
[BlackElo "1573"]
[PlyCount "40"]
[EventDate "2008.03.26"]

1. d4 d5 2. c4 c6 3. Nc3 Nf6 4. Nf3 Bf5 5. e3 e6 6. cxd5 exd5 7. Bd3 Bg4 8. O-O
Bd6 9. Be2 Qc7 10. g3 h5 11. Ng5 Na6 12. f3 Bxg3 13. f4 Bh4 14. Bxg4 hxg4 15.
Kg2 Bxg5 16. Rh1 Bh4 17. Ne2 Qe7 18. Ng3 Bxg3 19. hxg3 Qe4+ 20. Kf2 Rxh1 0-1

[Event "Ostsjaellands EMT 2008"]
[Site "Faxe"]
[Date "2008.04.30"]
[Round "5"]
[White "Hansen, Arne Mandrup"]
[Black "Hansen, Borge"]
[Result "1/2-1/2"]
[WhiteElo "1307"]
[BlackElo "1554"]
[PlyCount "61"]
[EventDate "2008.03.26"]

1. d4 d5 2. Bf4 e6 3. Nf3 c5 4. e3 Nc6 5. c3 Be7 6. dxc5 Bxc5 7. Bb5 Nge7 8.
Nbd2 O-O 9. Nb3 Bd6 10. Bxd6 Qxd6 11. O-O a6 12. Be2 Qc7 13. Nfd4 Ne5 14. f4
Nc4 15. Bxc4 dxc4 16. Nd2 b5 17. Qe1 Bb7 18. N2f3 Nc6 19. Nc2 Rae8 20. Rd1 Bc8
21. Qh4 h6 22. Rd2 Rd8 23. Rfd1 Rxd2 24. Rxd2 Rd8 25. Rxd8+ Nxd8 26. Ne5 Nc6
27. Nxc6 Qxc6 28. Nd4 Qe4 29. Nf3 Qb1+ 30. Ne1 Bb7 31. a3 1/2-1/2

[Event "Ostsjaellands EMT 2008"]
[Site "Faxe"]
[Date "2008.04.30"]
[Round "5"]
[White "Eckert, Svend"]
[Black "Nielsen, Harald"]
[Result "1-0"]
[WhiteElo "1543"]
[BlackElo "1444"]
[PlyCount "49"]
[EventDate "2008.03.26"]

1. c4 g6 2. d4 Bg7 3. b3 b6 4. Bb2 c5 5. e3 Bb7 6. Nc3 e6 7. d5 exd5 8. cxd5 d6
9. Bb5+ Nd7 10. Nf3 a6 11. Bc6 Bxc6 12. dxc6 Ne5 13. Nxe5 dxe5 14. Qf3 Ne7 15.
Rd1 Qc8 16. Rd7 f6 17. O-O Kf7 18. Rfd1 Re8 19. Na4 Qb8 20. Rb7 Qc8 21. Nxb6
Qe6 22. Nxa8 Kf8 23. Nc7 Qxc6 24. Qxc6 Nxc6 25. Nxe8 1-0

[Event "Ostsjaellands EMT 2008"]
[Site "Faxe"]
[Date "2008.04.30"]
[Round "5"]
[White "Andersen, Hans E"]
[Black "Lillebro, Verner"]
[Result "1-0"]
[WhiteElo "1512"]
[BlackElo "1294"]
[PlyCount "101"]
[EventDate "2008.03.26"]

1. e4 c6 2. Bc4 e6 3. Nc3 d5 4. exd5 cxd5 5. Bb3 Nf6 6. Nf3 Nc6 7. O-O Bd6 8.
Qe2 O-O 9. d3 h6 10. Be3 Re8 11. h3 Bc7 12. Qd2 d4 13. Bxh6 gxh6 14. Nb5 Kh7
15. Nxc7 Qxc7 16. c3 dxc3 17. Qxc3 Qf4 18. d4 Rg8 19. Bc2+ Kh8 20. g3 Ne4 21.
Bxe4 Qxe4 22. d5+ e5 23. dxc6 bxc6 24. Rfe1 Qf4 25. Qxe5+ Qxe5 26. Nxe5 Be6 27.
Rec1 Bxh3 28. Nxf7+ Kh7 29. Ne5 Rgc8 30. Rxc6 Rxc6 31. Nxc6 Be6 32. b3 Bd5 33.
Nb4 Be6 34. Rc1 a5 35. Nd3 a4 36. Rc7+ Kh8 37. Nc5 axb3 38. axb3 Ra1+ 39. Kh2
Bd5 40. g4 Rh1+ 41. Kg3 Rb1 42. Kf4 Rc1 43. b4 Rc4+ 44. Ke5 Bf3 45. Rf7 Bxg4
46. Rf4 Rxf4 47. Kxf4 Be2 48. Kf5 Kh7 49. Ne6 h5 50. Kg5 Bg4 51. Nf4 1-0

[Event "Ostsjaellands EMT 2008"]
[Site "Faxe"]
[Date "2008.04.30"]
[Round "5"]
[White "Hansen, Egon"]
[Black "Toftvang, Ove"]
[Result "1-0"]
[WhiteElo "1490"]
[BlackElo "1253"]
[PlyCount "157"]
[EventDate "2008.03.26"]

1. e4 e5 2. Nf3 Nc6 3. d4 d6 4. h3 Nf6 5. Nc3 Be7 6. Be3 a6 7. dxe5 Nxe5 8.
Nxe5 dxe5 9. Qxd8+ Bxd8 10. Bc5 b6 11. Ba3 c5 12. b4 Be7 13. bxc5 bxc5 14. Bc4
O-O 15. O-O Bb7 16. Rfe1 Kh8 17. Rab1 Ra7 18. Kf1 Nd7 19. Red1 Bc6 20. Bd5 Ba8
21. Na4 f5 22. Bxa8 Rfxa8 23. exf5 Rc7 24. Nb6 Nxb6 25. Rxb6 a5 26. Rd5 c4 27.
Bxe7 Rxe7 28. Rc5 c3 29. Rxc3 e4 30. Ke2 h6 31. Ke3 Rae8 32. Rb5 Re5 33. Rcc5
Rxc5 34. Rxc5 a4 35. Rc4 a3 36. Rxe4 Rb8 37. Ra4 Rb2 38. Rxa3 Rxc2 39. f4 Kg8
40. Kf3 Kf7 41. Kg3 Kf6 42. Ra6+ Kf7 43. a4 Rc3+ 44. Kf2 Rc5 45. a5 h5 46. g4
h4 47. Ra7+ Kf6 48. a6 Rc6 49. Ra8 Rc2+ 50. Kf1 Ra2 51. a7 Kf7 52. f6 Kg6 53.
Rh8 Rxa7 54. fxg7 Kxg7 55. Rxh4 Kg6 56. Rh5 Ra2 57. Re5 Ra4 58. Re6+ Kf7 59. f5
Ra2 60. Re2 Ra3 61. Kg2 Kf6 62. h4 Ra4 63. Kf3 Ra3+ 64. Re3 Ra4 65. Re4 Ra1 66.
Re6+ Kf7 67. Rg6 Ra3+ 68. Kf4 Ra4+ 69. Kg5 Ra8 70. h5 Ra5 71. h6 Ra8 72. Rg7+
Kf8 73. Kg6 Ra4 74. g5 Rh4 75. h7 Rh5 76. f6 Rxh7 77. Rxh7 Kg8 78. Ra7 Kf8 79.
Ra8# 1-0